| 000 | 00439 a2200169 4500 | ||
|---|---|---|---|
| 003 | OSt | ||
| 005 | 20231218160908.0 | ||
| 008 | 160511b xxu||||| |||| 00| 0 eng d | ||
| 040 | _c0 | ||
| 082 |
_a808.86 _bPAN |
||
| 100 |
_aPandit,P.P. _9119751 |
||
| 245 |
_aTop Winning Letters _cDr.P.P.Pandit |
||
| 260 |
_aNew Delhi _bGOODWILL Publishing House _c1987 |
||
| 300 | _a494 p. | ||
| 500 | _aPaper cover | ||
| 942 |
_aNBS _cBK _k332.77 PAN _2ddc |
||
| 999 |
_c345722 _d345722 |
||